000 00437nam a22001457a 4500
003 0
005 20221001101208.0
008 221001b xxu||||| |||| 00| 0 eng d
050 _aHF 5530
_b.L38 2018
245 _aPoint of sale system
_cOmar R. Latip Jr.
260 _aLas Pinas, Philippines
_bSouthville International School and Colleges
_cC2018
300 _aiii, 104pp
_c28cm.
_fTheses
500 _aPoint sale system.
942 _2lcc
_cTH
999 _c364810
_d364810